[Event "Stay Safe Play From Home 364"]
[Site "Emanuel Lasker Arena"]
[Date "2020.08.07"]
[Round "7"]
[White "TheCHESSHOUSE"]
[Black "Little champs"]
[Result "0-1"]
[WhiteElo "2059"]
[BlackElo "2118"]
[Annotator "TA"]
[PlyCount "130"]
[EventDate "2020.08.07"]
[EventType "swiss (blitz)"]

{[%evp 18,130,58,37,81,59,86,79,72,22,45,45,63,52,70,56,108,104,99,84,82,43,115,114,209,204,428,407,331,102,273,18,14,15,21,19,184,172,204,208,251,222,242,176,341,103,120,104,117,52,49,19,115,-108,0,-7,0,-341,0,0,0,0,0,-406,144,118,148,144,170,166,312,311,310,250,303,0,448,453,444,370,368,291,458,-736,-725,-695,-676,-689,-591,-735,-722,-1288,-1030,-849,-828,-5106,-5102,-5106,-5102,-5110,-5091,-5065,-795,-5065,-4772,-1724,0,-5072,0,-5065,-1064,-5057,0,-5057,-738]} 1. d4 d6 2. c4 Nf6 3. Nc3 e6 4. e4 Be7 5. Nf3 O-O 6. Be2 c5 7. O-O cxd4 8. Nxd4 a6 9. Be3 Nc6 10. f3 Nxd4 {B54: Sicilian: 2...d6 3 d4 cxd4 4 Nxd4, Unusual Lines .} 11. Bxd4 e5 12. Be3 Be6 {White is better.} 13. Nd5 Bxd5 14. cxd5 Rc8 {[#]} 15. Rc1 $146 ({Predecessor:} 15. Qb3 Qd7 16. g4 b5 17. a4 Qb7 18. axb5 Nd7 19. Qd1 Ra8 20. bxa6 Qxb2 21. Rb1 {1-0 (27) Butti,O (2069)-Jodorcovsky,P (1673) Asuncion 2018}) 15... Nd7 16. Qd2 f5 (16... Rxc1 $14 17. Rxc1 (17. Qxc1 f5 $14) 17... g6) 17. exf5 $16 Rxf5 18. Bd3 Rf8 19. Be4 Nf6 (19... Rxc1 $14 20. Rxc1 g6) 20. Bf5 Rxc1 (20... Rb8 $16 21. Rc2 Kh8) 21. Rxc1 $18 Nh5 $2 (21... Qe8 {might work better.} 22. Rc7 b5) 22. Be6+ Kh8 23. Rc2 $2 (23. Rc8 $18 {has better winning chances.} Qxc8 24. Bxc8 Rxc8 25. Qa5) 23... Nf4 $2 (23... Qe8 $16) 24. Qc1 $2 (24. Rc8 $18 Qxc8 25. Bxc8 Rxc8 26. Bxf4 exf4 27. Qxf4) 24... Nxe6 25. dxe6 Qe8 $1 26. Rc7 Bf6 $2 (26... Bd8 $11 {and Black has nothing to worry.} 27. Rxb7 Qxe6) 27. Qc4 (27. Rxb7 Qxe6 28. Qc6 Qxa2 $11) 27... b5 28. Qd5 $1 Be7 29. Rd7 h6 30. Rc7 Rf6 $2 (30... Qh5 31. h3 (31. Rxe7 $2 Qh4 $19) 31... Re8) 31. h3 $2 (31. Qb7 $18 {and White stays clearly on top.} Qg6 32. h3 Rxe6 33. Rxe7 Rxe7 34. Qxe7) 31... Bf8 $16 32. e7 Bxe7 {[#]} 33. Qb7 (33. Ra7 $1 $16) 33... Bf8 $1 $14 34. Rc8 Qf7 (34... Qg6 $1 $11) 35. Rc7 $2 (35. Qxa6 $16 {and life is bright.} Qd5 36. Qa8 Qd1+ 37. Kf2 (37. Kh2 Kg8 $16)) 35... Qg6 (35... Qxa2 $17 36. Rc8 Qb3) 36. Kh2 Kh7 37. Qxa6 $2 {[%mdl 8192]} (37. Qd5 $11 {and White is okay.}) 37... e4 $2 (37... d5 $19 38. Qxb5 d4) 38. f4 $1 $36 {[%mdl 2048] White is more active.} ({Wrong is} 38. Qxb5 $2 exf3 39. g3 Re6 $19) 38... d5 39. Qxb5 Bd6 $1 {[%csl LRc7,LRf4]} 40. Rc2 $2 {[%mdl 8192] [#]} (40. Rc3 $1 $11) 40... Bxf4+ $2 ({Better is} 40... d4 $1 $19 41. g3 (41. Bxd4 $2 e3 $19) 41... dxe3) 41. Bxf4 $16 {And now Be5 would win.} Rxf4 42. Qxd5 $19 {[%mdl 4096] Endgame KQR-KQR} Qf6 43. Re2 Qg6 (43... Qe7 $142 44. Qd4 Kh8) 44. Qe5 $18 Rh4 45. Qg3 Qh5 46. a3 $2 ({White should play} 46. Re1 $18) 46... e3 $2 {[%mdl 8192]} (46... Rxh3+ $11 47. Qxh3 Qxe2) 47. Rxe3 {Re5 is the strong threat.} Rd4 48. Rf3 Rd5 49. Rf4 Rg5 (49... Qe5 {keeps fighting.} 50. b3 Rd1) 50. Rf2 $4 {[%mdl 8192]} (50. Qd3+ $18 Qg6 51. Qxg6+ Rxg6 52. b4) 50... Rxg3 $19 51. Kxg3 {KQ-KR} Qg5+ 52. Kh2 Qc1 53. Rf3 Qxb2 54. h4 Qb8+ 55. Kh3 Qb5 56. g3 Qe5 57. Rf4 Qe2 58. a4 Qd1 59. Kg2 Qa1 60. Kf2 Qa2+ 61. Kf3 Qa1 $2 ({Black should try} 61... Qb3+ $19 62. Kf2 Qc2+ 63. Ke3 g5 64. hxg5 hxg5) 62. Kg4 $2 {[%mdl 8192]} (62. Kf2 $11 Qc3 63. Re4) 62... Qa2 $2 (62... Qd1+ $19 63. Kh3 g5 64. hxg5 hxg5) 63. Kh3 $2 {[%mdl 8192]} (63. Kf3 $11 Qd2 64. Kg4) 63... Qb1 64. Kg4 Qa2 $2 (64... Qd1+ $19 65. Kh3 g5 66. hxg5 hxg5) 65. Kh3 $2 {[%mdl 8192]} (65. Kf3 $11 Qd5+ 66. Ke3) 65... Qe6+ {Accuracy: White = 37%, Black = 36%.} 0-1

[Event "Stay Safe Play From Home 364"]
[Site "Emanuel Lasker Arena"]
[Date "2020.08.07"]
[Round "7"]
[White "Stefanone"]
[Black "Lazieri3"]
[Result "0-1"]
[WhiteElo "1969"]
[BlackElo "2025"]
[Annotator "TA"]
[PlyCount "164"]
[EventDate "2020.08.07"]
[EventType "swiss (blitz)"]

{[%evp 9,163,-24,77,31,26,32,29,22,25,29,85,20,23,27,60,37,46,27,37,22,27,24,34,34,29,5,19,0,20,0,3,12,115,-89,361,361,354,10,10,0,0,0,0,0,0,-33,-31,-83,-78,-100,-85,-85,-85,-84,-57,-81,-18,-79,-34,-58,0,-195,-203,-183,-175,-184,-190,-390,-387,-645,-645,-591,-575,-827,-653,-1338,-1372,-1277,-1260,-12833,-12834,-5926,-6797,-12839,-12839,-12839,-12839,-12839,-12839,-12839,-12840,-12840,-12841,-12841,-12841,-12843,-12843,-12844,-12841,-12842,-12841,-12841,-12842,-12842,-12843,-12843,-12843,-12845,-12845,-12847,-12847,-12848,-12848,-12850,-12847,-12847,-12848,-12850,-12847,-12849,-12847,-12850,-12847,-12848,-12848,-12850,-12850,-29991,-29992,-29998,-12850,-12851,-27999,-27999,-27999,-27999,-27999,-27999,-27999,-27999,-27999,-27999,-27999,-27999,-27999,-27998,-27999,-27998,-27999,-27998,-27999,-27998,-27999,-27998,-27999,-27999]} 1. d3 c6 2. g3 d5 3. Bg2 Nf6 4. Nd2 Bf5 5. f4 {[#]} Qc8 $146 (5... Ng4 $11 {remains equal.} 6. Nb3 Qb6) ({Predecessor:} 5... h6 6. h3 Nbd7 7. e4 dxe4 8. dxe4 Bh7 9. Qe2 e6 10. c3 Nc5 11. b4 Nd3+ {0-1 (36) Spiertz,C-Wasserrab,M Korbach 2007}) 6. Ngf3 {A00: Irregular Openings.} Bh3 7. O-O Bxg2 8. Kxg2 {White has an edge.} e6 9. e4 dxe4 (9... Be7 $11) 10. Nxe4 (10. dxe4 $16 Nbd7 11. Qe2) 10... Nxe4 11. dxe4 Bc5 12. Qe2 Nd7 13. e5 O-O 14. c3 (14. Rd1 {looks sharper.} Be7 15. Be3 c5 16. Nd2 Rd8 17. c4) 14... h6 15. Be3 $36 {[%mdl 2048] White is more active.} Bxe3 16. Qxe3 Qc7 17. Nd4 Nc5 18. Qf3 Qb6 19. Rf2 Rad8 20. Raf1 Na4 (20... Qa6 $11) 21. a3 $2 (21. f5 $16) 21... Nxb2 $2 {[%mdl 8192]} (21... c5 $17 {and life is bright.} 22. b3 cxd4 23. bxa4 Qc5) 22. Rb1 $18 Nd3 23. Rxb6 $2 (23. Qxd3 $18 Qc7 24. Qf3) 23... Ne1+ $11 {[%mdl 64] Double Attack} 24. Kf1 Nxf3 25. Rxb7 Nxd4 26. cxd4 Rxd4 {[%mdl 4096] Endgame KRR-KRR} 27. Kg2 Ra4 28. Rb3 (28. Rc2 $15) 28... c5 29. Rc3 c4 30. Rfc2 Rc8 31. Kf3 Kf8 32. Ke4 Ke7 (32... h5 $17) 33. h3 (33. Rb2 $11) 33... g6 34. g4 a5 (34... g5 $15) 35. Kd4 $2 (35. f5 $11 {and White has nothing to worry.}) 35... Rd8+ $19 36. Ke3 {[#]} Rd3+ $1 {[%mdl 576] Decoy} 37. Rxd3 cxd3 38. Kxd3 $2 (38. Rc3 {was necessary.}) 38... Rxa3+ {KR-KR} 39. Kd4 $2 (39. Ke2 Rxh3 40. Rc7+ Kf8 41. Rc8+ Kg7 42. Ra8) 39... Rxh3 40. Rc7+ Kf8 41. Ra7 Rg3 42. Rxa5 Rxg4 43. Ra8+ Kg7 44. Ke4 g5 45. Kf3 Rxf4+ 46. Kg3 Rf5 47. Ra5 Kg6 48. Kg2 f6 49. Ra8 Rxe5 50. Rg8+ Kf5 51. Ra8 h5 52. Kf3 h4 53. Rh8 Rb5 54. Ke3 Rb3+ 55. Kd4 Rg3 56. Kc5 e5 57. Kd6 e4 58. Rf8 e3 59. Ke7 e2 60. Rxf6+ Kg4 61. Re6 Kf3 62. Rf6+ Kg2 63. Re6 Kf2 64. Rd6 Rf3 65. Kd7 Re3 66. Ra6 e1=Q {( -> ...Re7+)} 67. Ra2+ {[#]} Qe2 $1 68. Ra6 (68. Rxe2+ Rxe2) 68... Re7+ 69. Kc8 {[#]} Qe6+ $1 70. Rxe6 Rxe6 {KR-K} 71. Kd7 {Black mates.} Rf6 72. Ke7 Rf4 73. Ke6 Kg3 74. Ke5 h3 75. Ke6 h2 76. Ke5 h1=Q 77. Ke6 Qe1+ 78. Kd5 Rf2 79. Kc4 Rd2 80. Kb3 Qc1 81. Ka4 Rb2 82. Ka3 Qa1# {Black used his chance. Accuracy: White = 47%, Black = 72%.} 0-1

[Event "Stay Safe Play From Home 364"]
[Site "Emanuel Lasker Arena"]
[Date "2020.08.07"]
[Round "7"]
[White "Ao017545"]
[Black "Klasman"]
[Result "1-0"]
[WhiteElo "1691"]
[BlackElo "1427"]
[Annotator "NA"]
[PlyCount "39"]
[EventDate "2020.08.07"]
[EventType "swiss (blitz)"]

1. e4 {[%emt 0:00:01]} f5 {[%emt 0:00:15]} 2. exf5 {[%emt 0:00:02]} Nf6 {[%emt 0:00:01]} 3. Bd3 {[%emt 0:00:02]} d5 {[%emt 0:00:02]} 4. g4 {[%emt 0:00:00]} h6 {[%emt 0:00:02]} 5. f4 {[%emt 0:00:03]} e6 {[%emt 0:00:07]} 6. fxe6 {[%emt 0:00:02]} Bxe6 {[%emt 0:00:02]} 7. Bg6+ {[%emt 0:00:01]} Kd7 {[%emt 0:00:03]} 8. Bf5 {[%emt 0:00:02]} Bxf5 {[%emt 0:00:01]} 9. gxf5 {[%emt 0:00:01]} Bd6 {[%emt 0:00:04]} 10. Qe2 {[%emt 0:00:01]} Re8 {[%emt 0:00:02]} 11. Nf3 {[%emt 0:00:01]} Rxe2+ {[%emt 0:00:01]} 12. Kxe2 {[%emt 0:00:01]} Qe7+ {[%emt 0:00:01]} 13. Kf2 {[%emt 0:00:00]} Ng4+ {[%emt 0:00:03]} 14. Kg3 {[%emt 0:00:02]} h5 {[%emt 0:00:01]} 15. Re1 {[%emt 0:00:00]} Qd8 {[%emt 0:00:05]} 16. Ne5+ {[%emt 0:00:01]} Nxe5 {[%emt 0:00:04]} 17. fxe5 {[%emt 0:00:00]} Qg5+ {[%emt 0:00:01]} 18. Kf2 {[%emt 0:00:02]} Qxf5+ {[%emt 0:00:01]} 19. Ke2 {[%emt 0:00:02]} Qxe5+ {[%emt 0:00:02]} 20. Kd3 {[%emt 0:00:00] Time Time Time Time Time (Lag: Av=0.65s, max=1.4s) (Lag: Av=0.65s, max=1.4s) (Lag: Av=0.65s, max=1.4s) (Lag: Av=0.65s, max=1.4s) (Lag: Av=0.65s, max=1.4s)} 1-0

[Event "Stay Safe Play From Home 364"]
[Site "Emanuel Lasker Arena"]
[Date "2020.08.07"]
[Round "7"]
[White "Trotsky"]
[Black "Buzaglo"]
[Result "0-1"]
[WhiteElo "1514"]
[BlackElo "1811"]
[Annotator "NA RC"]
[PlyCount "86"]
[EventDate "2020.08.07"]
[EventType "swiss (blitz)"]

1. d3 {[%emt 0:00:04]} e6 {[%emt 0:00:00]} 2. e3 {[%emt 0:00:01]} d5 {[%emt 0:00:00]} 3. d4 {[%emt 0:00:01]} c5 {[%emt 0:00:00]} 4. c4 {[%emt 0:00:01]} dxc4 {[%emt 0:00:01]} 5. Bxc4 {[%emt 0:00:01]} cxd4 {[%emt 0:00:00]} 6. exd4 {[%emt 0:00:01]} Nf6 {[%emt 0:00:01]} 7. Be3 {[%emt 0:00:01]} Bb4+ {[%emt 0:00:01]} 8. Nc3 {[%emt 0:00:01]} Nc6 {[%emt 0:00:01]} 9. Qc2 {[%emt 0:00:01]} O-O {[%emt 0:00:02]} 10. Nf3 {[%emt 0:00:01]} Be7 {[%emt 0:00:04]} 11. a3 {[%emt 0:00:03]} Re8 {[%emt 0:00:03]} 12. O-O-O {[%emt 0:00:02]} Qc7 {[%emt 0:00:01]} 13. Bd3 {[%emt 0:00:01]} h6 {[%emt 0:00:02]} 14. h4 {[%emt 0:00:01]} Nd5 {[%emt 0:00:02]} 15. Ng5 {[%emt 0:00:01]} Nxe3 {[%emt 0:00:01]} 16. fxe3 {[%emt 0:00:01]} f5 {[%emt 0:00:09]} 17. g4 {[%emt 0:00:02]} Bxg5 {[%emt 0:00:02]} 18. hxg5 {[%emt 0:00:01]} hxg5 {[%emt 0:00:06]} 19. gxf5 {[%emt 0:00:01]} exf5 {[%emt 0:00:01]} 20. e4 {[%emt 0:00:01]} Nxd4 {[%emt 0:00:02]} 21. Qh2 {[%emt 0:00:02]} Kf7 {[%emt 0:00:02]} 22. Qh5+ {[%emt 0:00:01]} g6 {[%emt 0:00:02]} 23. Qh7+ {[%emt 0:00:02]} Kf6 {[%emt 0:00:00]} 24. Rh6 {[%emt 0:00:02]} Qxh7 {[%emt 0:00:01]} 25. Rxh7 {[%emt 0:00:01]} Nb3+ {[%emt 0:00:01]} 26. Kc2 {[%emt 0:00:01]} fxe4 {[%emt 0:00:00]} 27. Nxe4+ {[%emt 0:00:03]} Ke5 {[%emt 0:00:02]} 28. Re1 {[%emt 0:00:01]} Nd4+ {[%emt 0:00:02]} 29. Kc3 {[%emt 0:00:02]} Nf3 {[%emt 0:00:00]} 30. Nf2+ {[%emt 0:00:05]} Kd6 {[%emt 0:00:00]} 31. Rxe8 {[%emt 0:00:02]} Ne1 {[%emt 0:00:01]} 32. Ne4+ {[%emt 0:00:02]} Kc6 {[%emt 0:00:02]} 33. Bc4 {[%emt 0:00:01]} Nd3 {[%emt 0:00:00]} 34. Rhe7 {[%emt 0:00:01]} b5 {[%emt 0:00:00]} 35. Bxd3 {[%emt 0:00:01]} Kb6 {[%emt 0:00:00]} 36. Re5 {[%emt 0:00:01]} Bb7 {[%emt 0:00:00]} 37. Rxa8 {[%emt 0:00:01]} Bxa8 {[%emt 0:00:01]} 38. Re8 {[%emt 0:00:01]} Bc6 {[%emt 0:00:00]} 39. Kb4 {[%emt 0:00:01]} Bxe8 {[%emt 0:00:01]} 40. Nd6 {[%emt 0:00:01]} Bf7 {[%emt 0:00:00]} 41. Nxf7 {[%emt 0:00:01]} a5+ {[%emt 0:00:00]} 42. Kb3 {[%emt 0:00:02]} g4 {[%emt 0:00:00]} 43. Kc3 {[%emt 0:00:01]} g3 {[%emt 0:00:00] Âðåìÿ Âðåìÿ Âðåìÿ Âðåìÿ Âðåìÿ (Lag: Av=0.41s, max=0.8s) (Lag: Av=0.41s, max=0.8s) (Lag: Av=0.41s, max=0.8s) (Lag: Av=0.41s, max=0.8s) (Lag: Av=0.41s, max=0.8s)} 0-1

[Event "Stay Safe Play From Home 364"]
[Site "Emanuel Lasker Arena"]
[Date "2020.08.07"]
[Round "8"]
[White "NTBT_DHS"]
[Black "Stefanone"]
[Result "1-0"]
[WhiteElo "2596"]
[BlackElo "1955"]
[Annotator "TA"]
[PlyCount "71"]
[EventDate "2020.08.07"]
[EventType "swiss (blitz)"]

{[%evp 11,71,10,20,10,81,8,20,33,129,64,214,210,203,220,214,207,201,188,245,65,56,16,16,31,320,324,336,329,331,252,249,180,216,167,216,216,291,265,380,378,410,381,447,454,668,658,968,962,935,882,1270,1320,1237,1238,1218,1217,1788,1715,1630,1701,29986,29987]} 1. d4 d5 2. c4 e6 3. Nf3 Nf6 4. g3 b6 5. Bg2 Bb7 6. O-O Bd6 7. Qc2 {[#] E16: Queen's Indian: 4 g3 Bb7 5 Bg2 Bb4+.} Qe7 $146 (7... h6 $11 {remains equal.}) ({Predecessor:} 7... c5 8. Nbd2 Nbd7 9. b3 O-O 10. Bb2 Qc7 11. Rac1 e5 12. cxd5 exd4 13. Nxd4 Nxd5 14. Qf5 Ne7 {½-½ (74) Leolko,L (1901)-Abbasova,Z (1383) Moscow 2020}) 8. Be3 (8. cxd5 $16 {Strongly threatening e4.} exd5 9. Nc3) 8... c5 9. cxd5 {The position is equal.} exd5 {[#]} (9... Nxd5 $14 10. Nc3 Nxe3 11. fxe3 Nc6) 10. Nc3 ({Better is} 10. Nh4 $1 $16) 10... c4 ({Black should try} 10... O-O $14) 11. Bg5 $18 Nbd7 12. Rfe1 {e4! is the strong threat.} O-O {[#]} 13. e4 $1 {[%mdl 512]} dxe4 14. Nd2 $1 {[%csl LRc4,LRe4][%mdl 64] Double Attack} h6 (14... Qe6 $142 15. Ncxe4 (15. Ndxe4 Nxe4 16. Nxe4 Qg6 $18) 15... Nxe4) 15. Bxf6 $2 ({Less strong is} 15. Bxe4 Bxe4 16. Rxe4 Qd8 $14) (15. Ncxe4 $18 hxg5 16. Nxg5) 15... Nxf6 $14 16. Ndxe4 (16. Ncxe4 {is interesting.} Nxe4 17. Bxe4 Bxe4 18. Rxe4 Qc7 19. Qxc4 Rac8 20. Qb3) 16... Nxe4 17. Nxe4 Bxe4 $4 {[%mdl 8192] White now steadily converts the win.} (17... Bb4 $14) 18. Bxe4 $18 Qc7 19. Bxa8 Rxa8 20. Rac1 b5 21. a3 {[%cal Ba2a3,Ba3a4][%mdl 32]} a6 22. Qe4 Rf8 23. a4 b4 24. d5 c3 (24... Rc8 $142 25. Qg4 Bf8) 25. bxc3 bxc3 26. Qd3 Bb4 27. Qxa6 c2 (27... Ba3 $142 28. Rc2 Qc5) 28. Re2 Qc3 29. Rexc2 Qf3 30. Rc8 Rxc8 31. Qxc8+ {KQR-KQB} Kh7 32. Qc2+ g6 33. Qc4 Bd6 34. a5 h5 35. a6 h4 36. Qxh4+ {Accuracy: White = 69%, Black = 23%.} 1-0

[Event "Stay Safe Play From Home 364"]
[Site "Emanuel Lasker Arena"]
[Date "2020.08.07"]
[Round "8"]
[White "Lamborghini"]
[Black "BrainThinker22"]
[Result "1-0"]
[WhiteElo "2316"]
[BlackElo "2349"]
[Annotator "NA"]
[PlyCount "133"]
[EventDate "2020.08.07"]
[EventType "swiss (blitz)"]

1. e4 {[%emt 0:00:02]} d5 {[%emt 0:00:00]} 2. exd5 {[%emt 0:00:01]} Qxd5 {[%emt 0:00:00]} 3. Nc3 {[%emt 0:00:01]} Qd6 {[%emt 0:00:00]} 4. d4 {[%emt 0:00:01]} Nf6 {[%emt 0:00:00]} 5. Nf3 {[%emt 0:00:01]} a6 {[%emt 0:00:01]} 6. g3 {[%emt 0:00:01]} Bg4 {[%emt 0:00:01]} 7. Bg2 {[%emt 0:00:00]} Nc6 {[%emt 0:00:01]} 8. O-O {[%emt 0:00:01]} O-O-O {[%emt 0:00:00]} 9. d5 {[%emt 0:00:00]} Bxf3 {[%emt 0:00:01]} 10. Qxf3 {[%emt 0:00:01]} Ne5 {[%emt 0:00:00]} 11. Qe2 {[%emt 0:00:01]} Ng6 {[%emt 0:00:01]} 12. a3 {[%emt 0:00:02]} e6 {[%emt 0:00:02]} 13. dxe6 {[%emt 0:00:01]} Qxe6 {[%emt 0:00:00]} 14. Qxe6+ {[%emt 0:00:01]} fxe6 {[%emt 0:00:00]} 15. Be3 {[%emt 0:00:01]} e5 {[%emt 0:00:01]} 16. h3 {[%emt 0:00:01]} Bd6 {[%emt 0:00:02]} 17. Ne4 {[%emt 0:00:01]} Kb8 {[%emt 0:00:04]} 18. c4 {[%emt 0:00:02]} Rhf8 {[%emt 0:00:04]} 19. Rad1 {[%emt 0:00:01]} Be7 {[%emt 0:00:01]} 20. b4 {[%emt 0:00:02]} Nh8 {[%emt 0:00:05]} 21. Ng5 {[%emt 0:00:02]} Rxd1 {[%emt 0:00:04]} 22. Rxd1 {[%emt 0:00:01]} h6 {[%emt 0:00:02]} 23. Ne6 {[%emt 0:00:01]} Rg8 {[%emt 0:00:00]} 24. Nc5 {[%emt 0:00:02]} Bxc5 {[%emt 0:00:01]} 25. Bxc5 {[%emt 0:00:00]} Nf7 {[%emt 0:00:01]} 26. Be7 {[%emt 0:00:01]} Kc8 {[%emt 0:00:04]} 27. Bxf6 {[%emt 0:00:01]} gxf6 {[%emt 0:00:00]} 28. Bd5 {[%emt 0:00:01]} Rf8 {[%emt 0:00:01]} 29. Be6+ {[%emt 0:00:01]} Kb8 {[%emt 0:00:02]} 30. c5 {[%emt 0:00:01]} Ng5 {[%emt 0:00:01]} 31. Bf5 {[%emt 0:00:01]} Nf3+ {[%emt 0:00:01]} 32. Kg2 {[%emt 0:00:01]} Nd4 {[%emt 0:00:00]} 33. Be4 {[%emt 0:00:01]} f5 {[%emt 0:00:00]} 34. Bb1 {[%emt 0:00:01]} Nc6 {[%emt 0:00:01]} 35. Rd5 {[%emt 0:00:02]} Re8 {[%emt 0:00:01]} 36. Bxf5 {[%emt 0:00:02]} Nd4 {[%emt 0:00:00]} 37. Be4 {[%emt 0:00:01]} c6 {[%emt 0:00:01]} 38. Rd7 {[%emt 0:00:01]} Kc8 {[%emt 0:00:01]} 39. Rh7 {[%emt 0:00:02]} Re6 {[%emt 0:00:00]} 40. h4 {[%emt 0:00:01]} Rf6 {[%emt 0:00:01]} 41. g4 {[%emt 0:00:01]} Ne2 {[%emt 0:00:02]} 42. f3 {[%emt 0:00:01]} Nf4+ {[%emt 0:00:01]} 43. Kg3 {[%emt 0:00:00]} Ne6 {[%emt 0:00:01]} 44. Kf2 {[%emt 0:00:00]} Nd4 {[%emt 0:00:01]} 45. Ke3 {[%emt 0:00:00]} Kb8 {[%emt 0:00:01]} 46. g5 {[%emt 0:00:01]} hxg5 {[%emt 0:00:01]} 47. hxg5 {[%emt 0:00:00]} Rf8 {[%emt 0:00:00]} 48. g6 {[%emt 0:00:00]} Rg8 {[%emt 0:00:00]} 49. g7 {[%emt 0:00:00]} Ne6 {[%emt 0:00:00]} 50. Rh8 {[%emt 0:00:00]} Nxg7 {[%emt 0:00:00]} 51. Rxg8+ {[%emt 0:00:01]} Ne8 {[%emt 0:00:00]} 52. Rxe8+ {[%emt 0:00:01]} Kc7 {[%emt 0:00:00]} 53. Rxe5 {[%emt 0:00:00]} b6 {[%emt 0:00:00]} 54. Re7+ {[%emt 0:00:00]} Kd8 {[%emt 0:00:00]} 55. cxb6 {[%emt 0:00:00]} Kxe7 {[%emt 0:00:00]} 56. b7 {[%emt 0:00:00]} Kd7 {[%emt 0:00:00]} 57. b8=Q {[%emt 0:00:00]} Ke6 {[%emt 0:00:00]} 58. Qe5+ {[%emt 0:00:00]} Kd7 {[%emt 0:00:00]} 59. Qc5 {[%emt 0:00:01]} Ke6 {[%emt 0:00:00]} 60. Bxc6 {[%emt 0:00:00]} Kf7 {[%emt 0:00:00]} 61. Qe5 {[%emt 0:00:01]} Kg6 {[%emt 0:00:01]} 62. Kf4 {[%emt 0:00:00]} Kf7 {[%emt 0:00:00]} 63. Qd6 {[%emt 0:00:00]} Kg7 {[%emt 0:00:01]} 64. Kg5 {[%emt 0:00:00]} Kf7 {[%emt 0:00:00]} 65. Qc7+ {[%emt 0:00:01]} Kf8 {[%emt 0:00:00]} 66. Bd5 {[%emt 0:00:01]} Ke8 {[%emt 0:00:01] ' ' ' ' '} 67. Bc6+ {[%emt 0:00:01] (Lag: Av=0.43s, max=1.0s) (Lag: Av=0.43s, max=1.0s) (Lag: Av=0.43s, max=1.0s) (Lag: Av=0.43s, max=1.0s) (Lag: Av=0.43s, max=1.0s)} 1-0

[Event "Stay Safe Play From Home 364"]
[Site "Emanuel Lasker Arena"]
[Date "2020.08.07"]
[Round "8"]
[White "Hickey"]
[Black "AChessPlayer"]
[Result "0-1"]
[WhiteElo "2133"]
[BlackElo "2450"]
[Annotator "TA"]
[PlyCount "88"]
[EventDate "2020.08.07"]
[EventType "swiss (blitz)"]

{[%evp 13,88,7,3,4,23,10,32,6,7,12,40,37,73,35,53,4,7,4,6,2,6,12,30,0,0,0,8,0,0,0,0,-72,-72,-64,-64,-94,-65,-119,-55,-128,-62,-61,-66,-71,-35,-38,-22,-27,-21,-32,0,0,76,48,270,-9,0,0,0,0,0,-89,-90,-89,-89,-92,-92,-29991,-29992,-29999,-29991,-29992,-29993,-29993,-29994,-29994,-29995]} 1. Nf3 c6 2. g3 d5 3. Bg2 Nf6 4. O-O g6 5. b3 Bg7 6. Bb2 O-O 7. d3 Nbd7 {was the old line (7...a5).} 8. Nbd2 {A07: Réti Opening: New York and Capablanca Systems.} a5 {[#]} 9. e4 $146 ({Predecessor:} 9. a4 Qc7 {½-½ (9) Zaja,I (2458)-Lajthajm,B (2433) Gradiste 2019}) 9... a4 10. a3 {White is slightly better.} axb3 11. cxb3 Qb6 12. Qc2 Qa6 13. b4 Nb6 14. Nb3 (14. e5 $5 {[%cal Re5f6]} Nh5 15. Rfb1 $11) 14... Na4 {aiming for ...dxe4.} 15. Bd4 Bg4 16. h3 Bxf3 17. Bxf3 Rfd8 18. Rfd1 Ne8 19. Bxg7 Nxg7 20. Nc5 Nxc5 21. Qxc5 dxe4 22. Bxe4 (22. dxe4 $11 Rxd1+ 23. Rxd1) 22... Rd7 $17 23. Qc3 Ne6 24. Re1 Nd4 25. Bg2 (25. a4 $15) 25... Rad8 (25... Qb5 $17 26. Qc4 e6) 26. Re3 (26. a4 $15) 26... b5 (26... Qa4 $17 {White must now prevent ...Nc2.} 27. Re5 e6) 27. Rae1 e6 28. h4 Qb6 29. h5 Rd6 30. Re5 Rc8 31. Rc5 Rcd8 32. h6 Qb8 (32... f6 $11) 33. Re4 R8d7 $2 {[#]} (33... Kf8 $14) 34. Ree5 $2 ({Only move:} 34. Rxd4 $1 $18 {[%mdl 512]} Rxd4 35. Bxc6 {[%mdl 64] Double Attack}) 34... Qf8 35. Bxc6 Nxc6 36. Rxc6 Rxd3 37. Qc2 (37. Qc5 $1 $11 {keeps the balance.}) 37... Rd1+ ({Much weaker is} 37... Rxa3 $6 38. Qc5 $11) 38. Kg2 {Strongly threatening Rc8.} Qxh6 {[%csl Gd1][%cal Rh6h1]} ({Much worse is} 38... R7d2 $6 39. Qc5 $11) 39. Rc8+ Kg7 {[%csl Gd1][%cal Rh6h1] [#]} 40. Kf3 $2 {[%mdl 8192]} (40. Re1 $1 $17 {[%mdl 512]} Qd2 (40... Rxe1 41. Qc3+) 41. Qxd1 Qxd1 42. Rxd1 Rxd1 43. Rb8) 40... Qh1+ {Black mates.} 41. Ke2 R7d4 {[%csl Gh1][%cal Rd1e1]} 42. Qc3 Qf1+ 43. Kf3 R1d3+ 44. Qxd3 Rxd3+ {Accuracy: White = 53%, Black = 64%.} 0-1

[Event "Stay Safe Play From Home 364"]
[Site "Emanuel Lasker Arena"]
[Date "2020.08.07"]
[Round "8"]
[White "Little champs"]
[Black "SoulofWolf"]
[Result "1-0"]
[WhiteElo "2132"]
[BlackElo "2242"]
[Annotator "RC"]
[PlyCount "51"]
[EventDate "2020.08.07"]
[EventType "swiss (blitz)"]

1. d4 {[%emt 0:00:02]} d5 {[%emt 0:00:00]} 2. e3 {[%emt 0:00:00]} c6 {[%emt 0:00:00]} 3. Nf3 {[%emt 0:00:00]} h6 {[%emt 0:00:00]} 4. Be2 {[%emt 0:00:00]} e6 {[%emt 0:00:00]} 5. O-O {[%emt 0:00:00]} Nd7 {[%emt 0:00:00]} 6. c4 {[%emt 0:00:00]} Ne7 {[%emt 0:00:00]} 7. cxd5 {[%emt 0:00:00]} exd5 {[%emt 0:00:00]} 8. Nc3 {[%emt 0:00:00]} Ng6 {[%emt 0:00:01]} 9. e4 {[%emt 0:00:00]} Bb4 {[%emt 0:00:01]} 10. exd5 {[%emt 0:00:01]} Bxc3 {[%emt 0:00:00]} 11. dxc6 {[%emt 0:00:00]} bxc6 {[%emt 0:00:04]} 12. bxc3 {[%emt 0:00:01]} O-O {[%emt 0:00:00]} 13. d5 {[%emt 0:00:00]} cxd5 {[%emt 0:00:01]} 14. Qxd5 {[%emt 0:00:01]} Rb8 {[%emt 0:00:00]} 15. Ba3 {[%emt 0:00:02]} Bb7 {[%emt 0:00:01]} 16. Qf5 {[%emt 0:00:02]} Re8 {[%emt 0:00:01]} 17. Bc4 {[%emt 0:00:01]} Nf6 {[%emt 0:00:03]} 18. Rad1 {[%emt 0:00:01]} Qb6 {[%emt 0:00:06]} 19. Bc5 {[%emt 0:00:02]} Qb2 {[%emt 0:00:03]} 20. Bb3 {[%emt 0:00:02]} Qxc3 {[%emt 0:00:02]} 21. Bd4 {[%emt 0:00:01]} Qc6 {[%emt 0:00:02]} 22. Rc1 {[%emt 0:00:01]} Qa6 {[%emt 0:00:02]} 23. Bc4 {[%emt 0:00:01]} Qa3 {[%emt 0:00:06]} 24. Bxf6 {[%emt 0:00:01]} gxf6 {[%emt 0:00:00]} 25. Qxf6 {[%emt 0:00:00]} Nf8 {[%emt 0:00:17]} 26. Qxf7+ {[%emt 0:00:04] Czas Czas Czas Czas Czas (Lag: Av=0.49s, max=1.7s) (Lag: Av=0.49s, max=1.7s) (Lag: Av=0.49s, max=1.7s) (Lag: Av=0.49s, max=1.7s) (Lag: Av=0.49s, max=1.7s)} 1-0